LEADER 01570nam a2200265 i 4500 001 000000131983 003 CaOOAMICUS 005 20190827170520.0 008 131108s1642 it u000 u ita u 013 $a104922 026 $aioo- 4847 lile ciou (3) 1642 (R) 040 $aSeMil$bita 100 1 $aAmmirato, Scipione,$d<1531-1601>.$0(OLS)http://semarc/name/54433 245 10$aDiscorsi del signor Scipione Ammirato sopra Cornelio Tacito, nei quali si contiene il fiore di tutto quello, che si trova sparso ne' libri delle attioni de' principi, e del buono ò cattivo loro governo. ... Con due tavole, ... 264 1$aIn Padova :$bPer Pauolo Frambotto,$c1642. 300 $a[56], 486, [2] p. ;$c4º. 500 $aSegn.: ?4 a-f4 A-3P4. - Iniz., fregi xilogr. 500 $aMarca editoriale: Minerva tende il braccio destro verso un ulivo e tiene con la mano sinistra lo scudo. Motto su un nastro: Pacis opus. (O947). 700 1 $aFrambotto, Paolo,$c.$0(OLS)http://semarc/name/54434 850 $aSeMil 852 $aSeMil$W1$xVenegono$y1$m2R V 21 FA$j85912$B85912$CSeMilBibl$Z2$F91723 $8I 961 $aRecupero: Biblioteca Seminario Saronno 996 $6245$aDiscorsi del signor Scipione Ammirato sopra Cornelio Tacito, nei quali si contiene il fiore di tutto quello, che si trova sparso ne' libri delle attioni de' principi, e del buono ò cattivo loro governo. ... Con due tavole, ...$9(OLS)http://semarc/title/193982 996 $6264$aIn Padova :$bPer Pauolo Frambotto$9(OLS)http://semarc/publisher/46718 LEADER 01054nam a2200205 i 4500 001 000000044473 003 CaOOAMICUS 005 20240411145222.0 008 120801s1734 it u000 u ita u 013 $a15643 026 $ao,te i.9. ram- chgl (3) 1734 (R) 040 $aSeMil$bita 245 00$aTomo 1. 300 $a[4], xxxii, 744, [20] p. 500 $aSegn.: ?² a-d? A-5B? 5C? 773 0 $aGotti, Vincenzo Ludovico <1664-1742>$tVera Chiesa di Cristo dimostrata da' segni, e da' dogmi contra i due libri di Giacomo Picenino ... Opera dell'emin. e rev. cardinale fr. Vincenzo Lodovico Gotti ... seconda edizione corretta e notabilmente accresciuta dal medesimo autore ..$dIn Milano : Nella regio-ducal corte, per Giuseppe Richino Malatesta stampatore regio-camerale. Si vendono da Giuseppe Cairoli libraro sotto al portico de' Figini, 1734.$g1$w()27174 850 $aSeMil 852 $aSeMil$W1$xVenegono$y1$m2B V 51 FA$j10628$B10628$CSeMilBibl$Z2$F10628 $8I 996 $6245$aTomo 1$9(OLS)http://semarc/title/46685